Normal view
MARC view
Entry Personal Name
001 - CONTROL NUMBER
- control field: 37777
003 - CONTROL NUMBER IDENTIFIER
- control field: ARRUPE
005 - DATE AND TIME OF LATEST TRANSACTION
- control field: 20171130095358.0
008 - FIXED-LENGTH DATA ELEMENTS
- fixed length control field: 171130|| aca||aabn | a|a d
040 ## - CATALOGING SOURCE
- Original cataloging agency: ARRUPE
- Transcribing agency: ARRUPE
100 ## - HEADING--PERSONAL NAME
- Personal name: Marie-Andre du Sacre-Coeur
670 ## - SOURCE DATA FOUND
- Source citation: Work cat.: (ARRUPE)183: Marie-Andre du Sacre-Coeur, The House stands firm:, 1962